00414pab a2200121 454500008003600000100001900036245009700055650001100152650001700163650002300180650004800203773004100251180718b xxu||||| |||| 00| 0 eng d aBerger, Mark T aGandhi and the guardians - Michael Edwardes and the apolojetics of imperialism: review essay a India a Imperialism a Edwardes, Michael aGandhi, M.K. - Criticism and Interpretation aBulletin of Concerned Asian Scholars